|
|
|
|
| LEADER |
00000nla2a2200000 4500 |
| 001 |
231097 |
| 005 |
20231031202649.0 |
| 035 |
|
|
|a (RuTPU)RU\TPU\book\252113
|
| 035 |
|
|
|a RU\TPU\book\252108
|
| 090 |
|
|
|a 231097
|
| 100 |
|
|
|a 20130129d2012 k y0rusy50 ca
|
| 101 |
0 |
|
|a rus
|
| 102 |
|
|
|a RU
|
| 105 |
|
|
|a y z 101zy
|
| 181 |
|
0 |
|a i
|
| 182 |
|
0 |
|a b
|
| 200 |
1 |
|
|a Образовательная программа преподавателя - способ мотивации развития профессиональных компетенций
|b Электронный ресурс
|f А. В. Коваленко
|
| 203 |
|
|
|a Текст
|c электронный
|
| 225 |
1 |
|
|a Образовательные технологии и методы реализации интегративного подхода. Компетентность преподавателя
|
| 230 |
|
|
|a 1 компьютерный файл (pdf; 451 Кб)
|
| 300 |
|
|
|a Заглавие с экрана
|
| 320 |
|
|
|a [Библиогр.: с. 211-212 (6 назв.)]
|
| 337 |
|
|
|a Adobe Reader
|
| 463 |
|
1 |
|0 (RuTPU)RU\TPU\book\240708
|t Уровневая подготовка специалистов: государственные и международные стандарты инженерного образования
|o сборник трудов научно-методической конференции, 3-6 апреля 2012 г.
|f Национальный исследовательский Томский политехнический университет (ТПУ)
|v [С. 210-212]
|d 2012
|
| 610 |
1 |
|
|a труды учёных ТПУ
|
| 610 |
1 |
|
|a электронный ресурс
|
| 610 |
1 |
|
|a образовательные программы
|
| 610 |
1 |
|
|a мотивации
|
| 610 |
1 |
|
|a развитие
|
| 610 |
1 |
|
|a компетенции
|
| 610 |
1 |
|
|a профессиональная квалификация
|
| 700 |
|
1 |
|a Коваленко
|b А. В.
|c специалист в области психологии и педагогики
|c доцент Томского политехнического университета, кандидат философских наук
|f 1947-
|g Антонина Владимировна
|2 stltpush
|3 (RuTPU)RU\TPU\pers\27024
|
| 712 |
0 |
2 |
|a Национальный исследовательский Томский политехнический университет (ТПУ)
|b Институт социально-гуманитарных технологий (ИСГТ)
|b Кафедра социологии, психологии и права (СОЦ)
|h 41
|2 stltpush
|3 (RuTPU)RU\TPU\col\18373
|
| 801 |
|
2 |
|a RU
|b 63413507
|c 20130201
|g RCR
|
| 856 |
4 |
|
|u http://www.lib.tpu.ru/fulltext/c/2012/C09/093.pdf
|
| 942 |
|
|
|c CF
|